| 000 | 00571nam a22002177a 4500 | ||
|---|---|---|---|
| 999 |
_c6194 _d6194 |
||
| 001 | 6194 | ||
| 003 | BD-JhCC | ||
| 005 | 20180313191800.0 | ||
| 008 | 180116s2005 ii a|||| ||a| 00| 0 eng d | ||
| 020 | _a812192197X | ||
| 035 | _a(BD-JhCC)6194 | ||
| 040 |
_aBD-JhCC _dBD-JhCC |
||
| 041 | _aeng | ||
| 082 |
_a808.042 _bWRE 2005 |
||
| 245 |
_aHigh School English Grammer & Composition / _cP. C. Wren , H. Martin |
||
| 260 |
_aNew Dilli : _bS. Chand & Company Ltd, _c2005 |
||
| 300 |
_a418 p. : _c26 cm. |
||
| 650 | _aEnglish Language | ||
| 942 |
_2ddc _cBK |
||